Pequeña balada feroz /
محفوظ في:
| المؤلف الرئيسي: | |
|---|---|
| التنسيق: | غير معروف |
| اللغة: | Spanish |
| منشور في: |
La Habana, Cuba :
Editorial Letras Cubanas,
1991.
|
| سلاسل: | (Colección El Papel Literario)
|
| الموضوعات: | |
| الوسوم: |
إضافة وسم
لا توجد وسوم, كن أول من يضع وسما على هذه التسجيلة!
|
MARC
| LEADER | 000000000a22000000004500 | ||
|---|---|---|---|
| 001 | 002016 | ||
| 041 | 0 | |a spa | |
| 082 | 0 | 4 | |a Cu861.44 |b V2152p |
| 100 | 1 | |a Valls, Daisy | |
| 245 | 1 | 0 | |a Pequeña balada feroz / |c Daisy Valls. |
| 260 | 1 | |a La Habana, Cuba : |b Editorial Letras Cubanas, |c 1991. | |
| 300 | |a 23 páginas | ||
| 490 | 1 | |a (Colección El Papel Literario) | |
| 650 | 4 | |a LITERATURA CUBANA | |
| 650 | 4 | |a POESIA | |
| 999 | |c 8622 |d 8622 | ||
| 942 | |c BK |h Cu861.44 V2152p |2 z | ||
